|
|
|
|
| LEADER |
01525nam a2200433Ia 4500 |
| 001 |
EBC956985 |
| 003 |
MiAaPQ |
| 005 |
20200520144314.0 |
| 006 |
m o d | |
| 007 |
cr cn||||||||| |
| 008 |
110830s2012 nyu sb 001 0 eng d |
| 010 |
|
|
|z 2011036246
|
| 020 |
|
|
|z 9780203126677
|
| 020 |
|
|
|z 9780415877602
|
| 020 |
|
|
|z 9780415877619
|
| 020 |
|
|
|z 9781136457685
|
| 035 |
|
|
|a (MiAaPQ)EBC956985
|
| 035 |
|
|
|a (Au-PeEL)EBL956985
|
| 035 |
|
|
|a (CaPaEBR)ebr10542330
|
| 035 |
|
|
|a (CaONFJC)MIL761433
|
| 035 |
|
|
|a (OCoLC)798532467
|
| 040 |
|
|
|a MiAaPQ
|c MiAaPQ
|d MiAaPQ
|
| 050 |
|
4 |
|a HB615
|b .C527 2012
|
| 082 |
0 |
4 |
|a 658.4
|2 23
|
| 245 |
0 |
0 |
|a Chance and intent
|h [electronic resource] :
|b managing the risks of innovation and entrepreneurship /
|c edited by David L. Bodde and Caron H. St. John.
|
| 260 |
|
|
|a New York, NY :
|b Routledge,
|c 2012.
|
| 300 |
|
|
|a xiii, 154 p.
|
| 504 |
|
|
|a Includes bibliographical references and index.
|
| 533 |
|
|
|a Electronic reproduction. Ann Arbor, MI : ProQuest, 2015. Available via World Wide Web. Access may be limited to ProQuest affiliated libraries.
|
| 650 |
|
0 |
|a Entrepreneurship.
|
| 650 |
|
0 |
|a Venture capital.
|
| 650 |
|
0 |
|a Technological innovations
|x Economic aspects.
|
| 650 |
|
0 |
|a New products.
|
| 650 |
|
0 |
|a Risk management.
|
| 655 |
|
4 |
|a Electronic books.
|
| 700 |
1 |
|
|a Bodde, David L.
|
| 700 |
1 |
|
|a St. John, Caron H.
|
| 710 |
2 |
|
|a ProQuest (Firm)
|
| 856 |
4 |
0 |
|u https://ebookcentral.proquest.com/lib/matrademy/detail.action?docID=956985
|z Click to View
|